| 000 | 00436cam a2200157ua 4500 | ||
|---|---|---|---|
| 041 |
_aeng _h |
||
| 082 |
_a531 _bMAC/SC |
||
| 100 | _aMach, Ernest . | ||
| 245 |
_aScience of mechanics: A critical and historical account of its development / _cErnest Mach. _hTextual Documents |
||
| 250 |
_a6 / _b. |
||
| 260 |
_aIllinois : _bOpen Court Publishing Co , _c1960. |
||
| 300 | _a634 ; . | ||
| 504 | _a | ||
| 942 | _cBK | ||
| 999 |
_c5688 _d5688 |
||